[Event "Match"]
[Site "www.echecsemail.com"]
[Date "2017.12.06"]
[Round "1"]
[White "Lion123"]
[Black "Bjonil60"]
[WhiteElo "1499"]
[BlackElo "1510"]
[Result "1-0"]
[Round "1"]
1.e4 Nb8c6
2.Ng1f3 e5
3.Bf1b5 a6
4.Bb5a4 b5
5.Ba4b3 Qd8f6
6.Nb1c3 d6
7.a4 b4
8.Nc3d5 Qf6d8
9.d3 Ng8f6
10.Bc1g5 Bf8e7
11.O-O O-O
12.Qd1d2 Kh8
13.Nd5xb4 Nc6xb4
14.Qd2xb4 Bc8d7
15.Qb4d2 c6
16.Rf1e1 Nf6g8
17.h3 h6
18.Bg5xe7 Qd8xe7
19.d4 exd4
20.Nf3xd4 c5
21.Nd4f3 f6
22.Nf3h4 g5
23.Nh4g6 Kh7
24.Ng6xe7 Ng8xe7
25.Qd2xd6 Rf8e8
26.Qd6xd7 Kg7
27.e5 f5
28.Qd7e6 Kf8
29.Qe6f7 
1-0

[Event "Match"]
[Site "www.echecsemail.com"]
[Date "2017.12.06"]
[Round "1"]
[White "Juodivarnai"]
[Black "Whitekknight"]
[WhiteElo "2020"]
[BlackElo "1950"]
[Result "0-1"]
[Round "1"]
1.e4 e5
2.Ng1f3 Nb8c6
3.Bf1b5 Ng8f6
4.O-O Bf8c5
5.c3 O-O
6.d4 exd4
7.cxd4 Bc5b6
8.Nb1c3 a6
9.Bb5xc6 bxc6
10.Bc1g5 Qd8e7
11.e5 Qe7b4
12.exf6 gxf6
13.Bg5xf6 Qb4xb2
14.Qd1d2 Qb2xd2
15.Nf3xd2 d6
16.Rf1e1 Bc8f5
17.Re1e3 h5
18.Re3g3 Bf5g6
19.Nc3e4 Kh7
20.Ne4g5 Kg8
21.Nd2f3 Rf8e8
22.Nf3h4 Re8b8
23.Ng5e4 Rb8e8
24.f3 Kh7
25.Ne4g5 Kh6
26.Nh4xg6 fxg6
27.Ng5e4 Re8f8
28.Bf6g5 Kg7
29.Ra1e1 Bb6xd4
30.Kh1 Ra8e8
31.Re1d1 c5
32.h4 Bd4e5
33.Rg3h3 Re8b8
34.Kg1 Be5d4
35.Kf1 Rb8e8
36.Rh3h1 Re8xe4
{ resign }
0-1

[Event "Match"]
[Site "www.echecsemail.com"]
[Date "2017.12.06"]
[Round "1"]
[White "Chapi"]
[Black "Apdash"]
[WhiteElo "2170"]
[BlackElo "2190"]
[Result "0-1"]
[Round "1"]
1.d4 Ng8f6
2.c4 d5
3.Nb1c3 e6
4.Ng1f3 c5
5.Bc1g5 cxd4
6.Nf3xd4 dxc4
7.e4 Bf8e7
8.Bf1xc4 Qd8a5
9.O-O Qa5xg5
10.Bc4b5 Bc8d7
11.Qd1a4 O-O
12.Rf1d1 Bd7xb5
13.Nd4xb5 Nb8a6
14.Nb5d6 Na6c5
15.Qa4c4 Be7xd6
16.Rd1xd6 Ra8c8
17.Qc4d4 e5
18.Qd4b4 Qg5f4
19.Nc3d5 Nf6xd5
20.Rd6xd5 Nc5xe4
{ resign }
0-1

[Event "Match"]
[Site "www.echecsemail.com"]
[Date "2017.12.06"]
[Round "1"]
[White "Luke1302"]
[Black "Mozgegorov"]
[WhiteElo "1310"]
[BlackElo "999"]
[Result "0-1"]
[Round "1"]
1.d4 d5
2.g3 Nb8c6
3.Bf1g2 e6
4.Qd1d2 Ng8f6
5.b3 b6
6.Bc1b2 Bc8b7
7.Ng1h3 Bf8d6
8.Nb1c3 h6
9.Nc3b5 Bd6e7
10.Bb2c1 a6
11.Nb5c3 Qd8d7
12.Nh3f4 O-O-O
13.Nc3a4 g5
14.Nf4d3 Nf6e4
15.Bg2xe4 dxe4
16.Nd3b2 Be7f6
17.h4 gxh4
18.gxh4 Nc6xd4
19.c3 e3
20.fxe3 Nd4f5
21.Nb2c4 Qd7xd2
22.Bc1xd2 Bb7xh1
23.e4 Bf6xh4
24.Kd1 Bh1xe4
25.Nc4e5 Rh8h7
26.c4 Bh4g5
27.Kc1 f6
28.Ne5c6 Be4xc6
29.c5 Bg5xd2
30.Kc2 Bc6xa4
31.bxa4 Nf5e3
32.Kb3 bxc5
33.Ra1b1 c6
34.Rb1c1 Rh7b7
35.Ka3 Bd2xc1

0-1

[Event "Match"]
[Site "www.echecsemail.com"]
[Date "2017.12.06"]
[Round "1"]
[White "Rindrandria"]
[Black "Ranjachess"]
[WhiteElo "1840"]
[BlackElo "1790"]
[Result "1-0"]
[Round "1"]
1.g4 d5
2.Bf1h3 e5
3.d3 Bf8e7
4.f4 Be7h4
5.Kf1 exf4
6.Bc1xf4 Qd8f6
7.e3 b6
8.g5 Bc8xh3
9.Ng1xh3 Qf6f5
10.Kg2 Qf5d7
11.Qd1f3 Ng8e7
12.Qf3h5 Ne7g6
13.Nb1d2 Qd7c6
14.c3 d4
15.Nd2f3 h6
16.exd4 hxg5
17.Qh5g4 Ng6xf4
18.Nh3xf4 gxf4
19.Qg4c8 Bh4d8
20.Ra1e1 Qc6e6
21.Re1xe6 fxe6
22.Qc8xe6 Bd8e7
23.Rh1e1 Kf8
24.Qe6xe7 Kg8
25.Qe7g5 Nb8d7
26.Qg5d5 Kh7
27.Qd5xd7 c5
28.Re1e6 Rh8f8
29.Nf3h4 Kg8
30.Nh4g6 Rf8d8
31.Qd7b5 Kf7
32.Ng6xf4 g5
33.dxc5 gxf4
34.Qb5c4 Rd8g8
35.Kf3 Rg8g6
36.Re6xb6 Kg7
37.Rb6b7 Kh6
38.Qc4xf4 Rg6g5
39.h4 Ra8g8
40.Qf4f6 Rg5g6
41.Qf6f4 Kh5
42.Rb7h7 Rg6h6
43.Rh7xh6 
1-0

[Event "1/32 Finale"]
[Site "www.chess-mail.com"]
[Date "2017.12.06"]
[Round "1"]
[White "Corr"]
[Black "Claudia"]
[WhiteElo "2080"]
[BlackElo "2040"]
[Result "1-0"]
[Round "1"]
1.e4 e6
2.d4 d5
3.Nb1d2 Ng8f6
4.e5 Nf6d7
5.Bf1d3 c5
6.c3 Nb8c6
7.Ng1e2 f6
8.exf6 Nd7xf6
9.Nd2f3 Bf8d6
10.O-O O-O
11.Bc1f4 Bd6xf4
12.Ne2xf4 Qd8d6
13.g3 e5
14.dxe5 Nc6xe5
15.Nf3xe5 Qd6xe5
16.Rf1e1 Qe5d6
17.Bd3c4 Rf8d8
18.Nf4xd5 Nf6xd5
19.Bc4xd5 Kh8
20.Qd1h5 Bc8g4
21.Qh5xg4 Qd6xd5
22.Re1e7 Rd8g8
23.Ra1d1 Qd5xa2
24.Rd1d7 Qa2b1
25.Kg2 Qb1g6
26.Qg4xg6 hxg6
27.Rd7xb7 Ra8b8
28.Re7xg7 Rg8xg7
29.Rb7xb8 Kh7
30.Rb8c8 { resign }
1-0

[Event "1/128 Finale"]
[Site "www.chess-mail.com"]
[Date "2017.12.06"]
[Round "1"]
[White "Bevittsmith"]
[Black "Tobernor"]
[WhiteElo "2230"]
[BlackElo "1599"]
[Result "1/2-1/2"]
[Round "1"]
1.e4 e5
2.Ng1f3 Nb8c6
3.Bf1b5 d6
4.d4 Bc8d7
5.Nb1c3 Ng8e7
6.O-O Ne7g6
7.Bc1e3 Bf8e7
8.Nc3d5 O-O
9.Nd5xe7 Qd8xe7
10.d5 Nc6b8
11.Bb5xd7 Nb8xd7
12.c4 f5
13.exf5 Rf8xf5
14.b4 Ra8f8
15.Nf3d2 Qe7h4
16.Qd1e2 Ng6f4
17.Be3xf4 Qh4xf4
{ draw }
1/2-1/2

[Event "Fast Game"]
[Site "www.echecsemail.com"]
[Date "2017.12.06"]
[Round "1"]
[White "Hennie4820"]
[Black "Sahlapalat"]
[WhiteElo "1650"]
[BlackElo "1599"]
[Result "0-1"]
[Round "1"]
1.e4 c5
2.Ng1f3 d6
3.d4 cxd4
4.Nf3xd4 Ng8f6
5.Nb1c3 Nb8c6
6.Bf1e2 e5
7.Nd4b3 Bf8e7
8.O-O O-O
9.Bc1e3 Bc8e6
10.f3 d5
11.exd5 Nf6xd5
12.Nc3xd5 Be6xd5
13.Qd1d2 b6
14.Ra1d1 Bd5e6
15.Qd2c3 Qd8c7
16.Be2b5 Ra8c8
17.Bb5a6 Be7b4
18.Qc3d3 Rc8d8
19.Qd3e2 Rd8xd1
20.Rf1xd1 Rf8d8
21.a3 Bb4e7
22.Ba6b5 Rd8xd1
23.Qe2xd1 h6
24.Qd1d2 Be6xb3
25.cxb3 Nc6d4
26.b4 Nd4xb5
27.Qd2d3 Nb5d6
28.Qd3d5 Be7f6
29.h3 Nd6f5
30.Be3f2 Nf5d4
31.Qd5a8 Kh7
32.Qa8e4 g6
33.h4 Qc7c6
34.Bf2xd4 Qc6xe4
35.fxe4 exd4
{ resign }
0-1

[Event "Tourn. n9535"]
[Site "www.chess-mail.com"]
[Date "2017.12.07"]
[Round "1"]
[White "Faerieking"]
[Black "Rons"]
[WhiteElo "2250"]
[BlackElo "2600"]
[Result "0-1"]
[Round "1"]
1.e4 c5
2.Ng1f3 d6
3.d4 cxd4
4.Nf3xd4 Ng8f6
5.Nb1c3 a6
6.Bc1g5 e6
7.f4 Qd8b6
8.Qd1d2 Qb6xb2
9.Ra1b1 Qb2a3
10.e5 dxe5
11.fxe5 Nf6d7
12.Nc3e4 h6
13.Bg5h4 Qa3xa2
14.Rb1d1 Qa2d5
15.Qd2e3 Qd5xe5
16.Bf1e2 Bf8c5
17.Bh4g3 Bc5xd4
18.Rd1xd4 Qe5a5
19.Rd4d2 O-O
20.Bg3d6 Nb8c6
21.O-O Nc6e5
22.g4 Ne5g6
 { time }
0-1

[Event "Tourn. n9632"]
[Site "www.chess-mail.com"]
[Date "2017.12.07"]
[Round "1"]
[White "Apdash"]
[Black "Pellix84"]
[WhiteElo "2250"]
[BlackElo "2060"]
[Result "1-0"]
[Round "1"]
1.d4 Ng8f6
2.c4 e6
3.Nb1c3 b6
4.e4 Bf8b4
5.e5 Bb4xc3
6.bxc3 Nf6e4
7.Qd1c2 Bc8b7
8.Bf1d3 f5
9.exf6 Ne4xf6
10.Bc1a3 d6
11.f3 Nb8d7
12.Ba3c1 Nf6h5
13.Bc1e3 Qd8h4
14.Be3f2 Qh4g5
15.g3 O-O-O
16.Bd3e4 d5
17.f4 Qg5e7
18.Be4f3 Nh5f6
19.Ng1e2 h5
20.c5 Nf6g4
21.a4 Ng4xf2
22.Kxf2 bxc5
23.c4 Rd8e8
24.Rh1b1 Nd7b6
25.Rb1b5 h4
26.g4 h3
27.Ra1b1 Bb7c6
28.Rb5xc5 Bc6xa4
29.Qc2a2 c6
30.Rc5a5 e5
31.dxe5 g5
32.Rb1xb6 axb6
33.Ra5xa4 Qe7c5
34.Kf1 Qc5e3
35.Ra4a3 { resign }
1-0

[Event "Tourn. n9630"]
[Site "www.chess-mail.com"]
[Date "2017.12.07"]
[Round "1"]
[White "Apdash"]
[Black "Darko10"]
[WhiteElo "2270"]
[BlackElo "2800"]
[Result "0-1"]
[Round "1"]
1.e4 e5
2.Ng1f3 Nb8c6
3.d4 exd4
4.Nf3xd4 Bf8c5
5.c3 Ng8f6
6.f3 d5
7.Nd4xc6 bxc6
8.Bc1g5 O-O
9.Qd1a4 Rf8e8
10.Nb1d2 Nf6xe4
11.fxe4 Qd8xg5
12.Qa4xc6 Qg5e3
13.Kd1 Bc8g4
14.Kc2 Ra8d8
15.b4 d4
16.Qc6xc5 d3
17.Kb3 Qe3xd2
18.Bf1xd3 Rd8xd3
19.Rh1c1 a5
20.a4 Bg4e6
21.Ka3 Rd3e3
22.bxa5 Re8b8
{ resign }
0-1

[Event "Tourn. n9603"]
[Site "www.chess-mail.com"]
[Date "2017.12.07"]
[Round "1"]
[White "Tobernor"]
[Black "Tarasch"]
[WhiteElo "1599"]
[BlackElo "1499"]
[Result "1-0"]
[Round "1"]
1.e4 c5
2.Ng1f3 d6
3.d4 cxd4
4.Nf3xd4 Ng8f6
5.Nb1c3 a6
6.h3 e6
7.g4 d5
8.Bf1g2 Bf8b4
9.O-O Bb4xc3
10.bxc3 Nf6xe4
11.c4 O-O
12.cxd5 exd5
13.c4 Nb8c6
14.Nd4e2 Bc8e6
15.Bc1b2 f5
16.Ne2f4 Be6f7
17.cxd5 Qd8d6
18.dxc6 Qd6xf4
19.Qd1d4 Qf4g5
20.cxb7 Ra8b8
21.gxf5 Rb8xb7
22.Bb2c1 { resign }
1-0

[Event "Tourn. n9609"]
[Site "www.chess-mail.com"]
[Date "2017.12.07"]
[Round "1"]
[White "Numanoid"]
[Black "Apdash"]
[WhiteElo "2390"]
[BlackElo "2280"]
[Result "1-0"]
[Round "1"]
1.d4 d5
2.Nb1c3 Ng8f6
3.Bc1g5 Nb8d7
4.f3 c6
5.e4 dxe4
6.fxe4 h6
7.Bg5h4 g5
8.Bh4f2 Bf8g7
9.e5 Nf6d5
10.Nc3xd5 cxd5
11.Bf1d3 Qd8b6
12.Ng1e2 Qb6xb2
13.O-O Nd7b6
14.Ne2g3 h5
15.Ng3xh5 Bg7h6
16.Qd1e2 g4
17.Nh5f6 Kd8
18.Nf6xg4 Bc8e6
19.Ng4xh6 Rh8xh6
20.Qe2d2 Rh6h8
21.Rf1b1 Qb2a3
22.Rb1b3 Qa3a4
23.Bd3b5 Nb6c4
24.Qd2g5 Qa4a5
25.Bb5xc4 dxc4
26.Rb3xb7 Qa5a3
27.d5 Be6d7
28.d6 Rh8e8
29.Ra1d1 Qa3a4
30.dxe7 Kc8
31.Rd1xd7 Qa4xd7
32.Rb7xd7 Kxd7
33.Qg5f5 Kc7
34.Qf5xf7 Ra8b8
35.Qf7xc4 Kd7
36.e6 Kxe7
37.Bf2h4 Kd6
38.Bh4g3 { resign }
1-0

[Event "Tourn. n9597"]
[Site "www.chess-mail.com"]
[Date "2017.12.07"]
[Round "1"]
[White "Numanoid"]
[Black "Destructor"]
[WhiteElo "2400"]
[BlackElo "2459"]
[Result "0-1"]
[Round "1"]
1.d4 Ng8f6
2.Bc1g5 d5
3.Bg5xf6 exf6
4.e3 Bc8e6
5.g3 c6
6.Bf1g2 Qd8b6
7.b3 Nb8d7
8.Ng1e2 h5
9.h4 g5
10.Nb1d2 O-O-O
11.a3 Bf8e7
12.Ne2c3 gxh4
13.Rh1xh4 Be6g4
14.Bg2f3 f5
15.Rh4h1 Qb6c7
16.Qd1e2 Qc7a5
17.Nc3a4 b5
18.Na4b2 Be7b4
{ resign }
0-1

[Event "Tourn. n9623"]
[Site "www.chess-mail.com"]
[Date "2017.12.07"]
[Round "1"]
[White "Pachi"]
[Black "Sahlapalat"]
[WhiteElo "1640"]
[BlackElo "1679"]
[Result "0-1"]
[Round "1"]
1.e4 c5
2.d4 cxd4
3.Qd1xd4 Nb8c6
4.Qd4c3 e6
5.a3 Ng8f6
6.Bc1g5 Bf8e7
7.e5 Nf6d5
8.Qc3g3 Be7xg5
9.Bf1b5 O-O
10.Bb5xc6 dxc6
11.Ng1f3 Bg5e7
12.O-O b6
13.Rf1d1 Qd8c7
14.Nb1d2 Bc8b7
15.Nd2e4 Kh8
16.Ne4g5 Be7xg5
17.Nf3xg5 Nd5e7
18.Qg3h4 h6
19.Qh4h5 Ne7g6
20.Qh5e2 hxg5
21.Qe2h5 Kg8
22.Qh5xg5 Qc7xe5
{ resign }
0-1

[Event "Match"]
[Site "www.echecsemail.com"]
[Date "2017.12.07"]
[Round "1"]
[White "Apdash"]
[Black "Pellix84"]
[WhiteElo "2330"]
[BlackElo "2070"]
[Result "1-0"]
[Round "1"]
1.e4 c5
2.Ng1f3 d6
3.d4 cxd4
4.Nf3xd4 Ng8f6
5.Nb1c3 a6
6.Bf1e2 Nb8c6
7.Bc1e3 Bc8d7
8.O-O b5
9.f4 b4
10.Nc3d5 Nf6xe4
11.Nd4xc6 Bd7xc6
12.Be3b6 Qd8b8
13.Nd5c7 Kd7
14.Nc7xa8 Qb8xa8
15.Be2f3 Qa8b7
16.Bb6e3 f5
17.a3 g6
18.Qd1d4 Rh8g8
19.axb4 Bf8g7
20.Qd4c4 Rg8a8
21.Qc4b3 Bg7f6
22.Ra1a5 Ra8c8
23.c4 h5
24.Rf1d1 Ke8
25.b5 Ne4c5
26.Bf3xc6 Rc8xc6
27.Qb3a2 Rc6b6
28.b4 Qb7e4
29.Qa2a3 Bf6b2
30.Qa3xb2 Qe4xe3
31.Qb2f2 Qe3b3
32.Qf2e1 Nc5d3
33.Rd1xd3 Qb3xd3
34.bxa6 Rb6xb4
35.Ra5a1 Qd3d4
36.Kh1 Rb4b8
37.a7 Rb8a8
38.Qe1a5 Kd7
39.Qa5a4 Kc7
40.Qa4a6 Qd4b6
41.Qa6a2 h4
42.h3 e5
43.fxe5 dxe5
44.Qa2a3 e4
45.Ra1d1 Ra8xa7
46.Qa3e7 Kc8
47.Qe7e8 Kb7
48.Qe8e7 Kc8
49.Qe7e8 Kb7
50.Rd1d7 Ka6
51.Rd7d6 Ka5
52.Rd6xb6 Kxb6
53.Qe8xg6 Kb7
54.Qg6xf5 Ra7a1
55.Kh2 Ra1e1
56.Qf5b5 Kc8
57.Qb5f5 Kb7
58.Qf5h7 Kc6
59.Qh7xh4 Re1e2
60.Qh4g4 Re2e1
61.Qg4e6 Kc5
62.Qe6d5 Kb6
63.c5 Ka6
64.c6 e3
65.Qd5c4 { resign }
1-0

[Event "Match"]
[Site "www.echecsemail.com"]
[Date "2017.12.07"]
[Round "1"]
[White "Liencam2"]
[Black "Silverking"]
[WhiteElo "2220"]
[BlackElo "2359"]
[Result "0-1"]
[Round "1"]
1.c4 Ng8f6
2.Nb1c3 c5
3.g3 Nb8c6
4.Bf1g2 g6
5.e4 d6
6.Ng1e2 Bf8g7
7.O-O O-O
8.a3 Bc8d7
9.h3 Qd8c8
10.Kh2 h5
11.Ne2f4 Ra8b8
12.d3 Nf6h7
13.Nf4e2 e6
14.Bc1e3 a6
15.Ra1b1 Qc8d8
16.b4 cxb4
17.axb4 b5
18.c5 dxc5
19.Be3xc5 Rf8e8
20.f4 Bd7c8
21.e5 Bc8b7
22.Bc5d6 Rb8c8
23.Nc3e4 Bg7f8
24.Bd6xf8 Re8xf8
25.Ne4c5 Rc8c7
26.Nc5xb7 Rc7xb7
27.Bg2xc6 Rb7c7
28.Bc6e4 Qd8e7
29.Ne2d4 Rf8c8
30.Rf1f2 Rc7c3
31.Rf2c2 f5
32.exf6 Qe7xf6
33.Nd4f3 Rc3xc2
34.Kh1 Qf6c3
35.Nf3g1 Rc2d2
36.Qd1e1 Rd2a2
37.Qe1xc3 Rc8xc3
38.Be4xg6 Nh7f6
39.Ng1f3 Kg7
40.Nf3h4 Rc3c2
41.Bg6e4 Nf6xe4
42.dxe4 Rc2h2
43.Kg1 Rh2xh3
44.Rb1b3 Rh3h2
45.Nh4f3 Rh2g2
46.Kh1 Rg2xg3
{ resign }
0-1

[Event "Match"]
[Site "www.echecsemail.com"]
[Date "2017.12.07"]
[Round "1"]
[White "Cal"]
[Black "Karadayi"]
[WhiteElo "1680"]
[BlackElo "1499"]
[Result "1-0"]
[Round "1"]
1.c4 e5
2.e4 Nb8c6
3.a3 d6
4.h3 Ng8f6
5.Nb1c3 Bf8e7
6.d3 O-O
7.Bc1g5 a6
8.Ng1f3 Bc8e6
9.Bf1e2 h6
10.O-O hxg5
11.Nf3xg5 Nf6h7
12.Ng5xh7 Kxh7
13.b4 Nc6a7
14.f4 exf4
15.d4 g5
16.Rf1f3 Kg7
17.d5 Be6d7
18.Be2d3 c6
19.Qd1e1 Be7f6
20.Ra1a2 Bf6xc3
21.Qe1xc3  { time }
1-0

[Event "Match"]
[Site "www.echecsemail.com"]
[Date "2017.12.07"]
[Round "1"]
[White "Welberth"]
[Black "Luizassis"]
[WhiteElo "2110"]
[BlackElo "1499"]
[Result "1-0"]
[Round "1"]
1.e4 e5
2.Ng1f3 Nb8c6
3.Bf1c4 Bf8c5
4.b4 Bc5b6
5.c3 Ng8f6
6.O-O Nf6xe4
7.d4 exd4
8.Rf1e1 d5
9.b5 Nc6a5
10.Bc4xd5 Qd8xd5
11.Nb1d2 Bc8f5
12.Bc1a3 O-O-O
13.Nd2xe4 Bf5xe4
14.Nf3d2 Rh8e8
15.Qd1g4 f5
16.Qg4g3 dxc3
17.Nd2xe4 Re8xe4
18.Qg3xc3 Re4xe1
19.Ra1xe1 Qd5d4
20.Qc3c2 Qd4xf2
21.Qc2xf2 Bb6xf2
22.Kxf2 c6
23.bxc6 bxc6
24.Ba3b4 Na5c4
25.Re1e7 a5
26.Bb4c3 Nc4d2
27.Bc3xg7 Rd8d7
28.Re7e8 Kc7
29.Bg7e5 Kb6
30.Re8f8 Nd2e4
31.Ke3 Rd7d2
32.Rf8xf5 Rd2xg2
33.Kxe4 Rg2xa2
34.Rf5h5 Ra2e2
35.Kd3 Re2g2
36.Rh5xh7 Rg2g5
37.Be5d4 Kb5
38.h4 Rg5d5
39.Ke4 Kc4
40.Bd4e5 a4
41.h5 Rd5a5
42.h6 a3
43.Rh7c7 a2
44.Rc7xc6 Kb5
45.Rc6c1 Ra5a7
46.Rc1h1 Ra7h7
47.Be5g7 a1Q
48.Rh1xa1 Kc6
49.Kd4 Kd6
50.Ra1a6 Ke7
51.Kd5 Kf7
52.Ra6f6 Ke7
53.Kc6 Rh7xg7
54.hxg7 Kxf6
55.g8Q Ke5
56.Qg8g4 Kf6
57.Kd6 Kf7
58.Qg4g5 Ke8
59.Qg5g7 Kd8
60.Qg7f8 { resign }
1-0

[Event "Match"]
[Site "www.echecsemail.com"]
[Date "2017.12.07"]
[Round "1"]
[White "Pangloss"]
[Black "Pellix84"]
[WhiteElo "1809"]
[BlackElo "2060"]
[Result "1-0"]
[Round "1"]
1.d4 Ng8f6
2.c4 e6
3.Nb1c3 Bf8b4
4.f3 c5
5.d5 exd5
6.cxd5 d6
7.e4 O-O
8.Bf1d3 Rf8e8
9.Ng1e2 Nb8d7
10.O-O Nd7e5
11.f4 Ne5xd3
12.Qd1xd3 a6
13.a3 Bb4a5
14.e5 dxe5
15.fxe5 Re8xe5
16.Bc1f4 Bc8f5
17.Qd3d1 Re5e7
18.Bf4g5 Bf5g4
19.Bg5xf6 gxf6
20.Qd1d3 Qd8d6
21.Nc3e4 Bg4xe2
22.Qd3xe2 Kf8
23.Qe2c2 Qd6xd5
24.Ne4xf6 Qd5d4
25.Kh1 Qd4h4
26.Qc2xc5 Ba5c7
27.Nf6d7 Ke8
28.Qc5xc7 Re7xd7
29.Ra1e1 Rd7e7
30.Qc7c3 Qh4h6
31.Re1xe7 Kxe7
32.Qc3c7 Ke6
33.Qc7b6 { resign }
1-0

[Event "Match"]
[Site "www.echecsemail.com"]
[Date "2017.12.07"]
[Round "1"]
[White "Apdash"]
[Black "Cal"]
[WhiteElo "2310"]
[BlackElo "1690"]
[Result "1-0"]
[Round "1"]
1.e4 e5
2.Ng1f3 d6
3.d4 exd4
4.Nf3xd4 c5
5.Nd4f3 h6
6.c4 Ng8f6
7.e5 Qd8e7
8.Qd1e2 dxe5
9.Nf3xe5 Bc8e6
10.Bc1e3 a6
11.g3 Nf6e4
12.Bf1g2 b6
13.Bg2xe4 Qe7f6
14.Be4xa8 Qf6xe5
15.Nb1c3 Bf8e7
16.Be3f4 Qe5d4
17.Ra1d1 O-O
18.Rd1xd4 cxd4
19.Nc3d5 Nb8d7
20.Nd5xe7 Kh7
21.Ba8e4 g6
22.Be4xg6 fxg6
23.Qe2xe6 Nd7f6
24.Bf4e5 Kg7
25.Be5xf6 Kh7
26.Bf6xd4 h5
27.Qe6xg6 { resign }
1-0

[Event "Eq:SIETE ESTRELLAS VERDES-Super Chess Team : "]
[Site "www.chess-mail.com"]
[Date "2017.12.07"]
[Round "1"]
[White "Paco"]
[Black "Antuan72"]
[WhiteElo "1910"]
[BlackElo "2020"]
[Result "0-1"]
[Round "1"]
1.e4 c5
2.Bf1c4 Nb8c6
3.Qd1f3 e6
4.d3 Nc6e5
5.Qf3g3 Ne5xc4
6.dxc4 Ng8e7
7.Ng1f3 Ne7g6
8.O-O Bf8e7
9.Nb1c3 O-O
10.Bc1g5 f6
11.Bg5e3 b6
12.h4 f5
13.exf5 exf5
14.Nc3d5 Be7xh4
15.Qg3h2 Bc8b7
16.g3 Bb7xd5
17.cxd5 Bh4f6
18.c3 d6
19.Kg2 Qd8d7
20.Rf1h1 h6
21.Qh2h5 Ng6e5
22.Nf3xe5 dxe5
23.c4 f4
24.gxf4 exf4
25.Be3xf4 Bf6xb2
26.Ra1b1 Rf8xf4
27.Rb1xb2 Ra8f8
28.Rb2c2 Rf8f5
29.Qh5d1 Qd7f7
30.Qd1e1 Rf5f6
31.a4 Qf7g6
32.Kf1 Qg6xc2
33.Rh1h2 Qc2xc4
34.Qe1e2 Qc4xd5
35.Qe2e8 Kh7
36.Qe8b8 Qd5d1
{ resign }
0-1

[Event "Tourn. n9503"]
[Site "www.chess-mail.com"]
[Date "2017.12.06"]
[Round "1"]
[White "Falcoale"]
[Black "Dussek"]
[WhiteElo "2040"]
[BlackElo "1880"]
[Result "1/2-1/2"]
[Round "1"]
1.e4 e6
2.d4 d5
3.e5 c5
4.c3 Nb8c6
5.Ng1f3 Qd8b6
6.b3 Ng8e7
7.Bc1e3 Ne7f5
8.dxc5 Bf8xc5
9.Be3xc5 Qb6xc5
10.Bf1e2 O-O
11.b4 Qc5b6
12.a4 Qb6c7
13.O-O Nc6xe5
14.Rf1e1 Ne5xf3
15.Be2xf3 Bc8d7
16.Ra1a3 Rf8d8
17.Bf3e2 Bd7c6
18.b5 Bc6d7
19.Nb1d2 e5
20.Qd1b1 e4
21.Re1c1 Qc7d6
22.Ra3a1 Ra8c8
23.Nd2f1 Rd8e8
24.Rc1d1 Bd7e6
25.c4 d4
26.Qb1xe4 Be6d7
27.Qe4d3 Qd6c5
28.Nf1g3 g6
29.Be2f3 b6
30.Ng3xf5 Bd7xf5
31.Qd3xd4 Qc5xc4
32.Qd4xc4 Rc8xc4
33.Bf3c6 Re8e7
34.h3 Bf5c2
35.Rd1c1 Re7e2
36.Rc1e1 Re2xe1
37.Ra1xe1 Bc2xa4
38.Re1e8 Kg7
39.Re8a8 a5
40.Ra8a7 Rc4b4
41.Ra7b7 Ba4xb5
42.Rb7xb6 Bb5xc6
43.Rb6xc6 Rb4b8
44.Rc6a6 Rb8b5
45.f3 Kf8
46.Kf2 Ke8
47.Ke3 Kd7
48.Kd4 Rb5b4
49.Ke5 a4
50.Kf6 Rb4f4
51.Kg7 h5
52.g3 Rf4xf3
53.Ra6xa4 Ke7
54.Ra4a7 Ke6
55.g4 hxg4
56.hxg4 Rf3g3
57.Ra7a6 Ke7
58.Ra6a7 Ke6
59.Ra7a6 Ke7
60.Ra6a7 Ke6
61.Ra7a6 Ke7
62.Ra6a7 { draw }
1/2-1/2

[Event "Match"]
[Site "www.echecsemail.com"]
[Date "2017.12.06"]
[Round "1"]
[White "Aniruddhadg"]
[Black "Chapi"]
[WhiteElo "1809"]
[BlackElo "2170"]
[Result "1-0"]
[Round "1"]
1.d4 d5
2.c4 dxc4
3.e4 b5
4.a4 c6
5.Nb1c3 Qd8b6
6.Bc1e3 a6
7.axb5 cxb5
8.b3 Bc8b7
9.bxc4 bxc4
10.Ra1b1 Qb6c7
11.Be3f4 Qc7a5
12.Rb1xb7 Qa5xc3
13.Bf4d2 Qc3xd4
14.Qd1a4 Nb8d7
15.Ng1e2 Qd4d6
16.Bd2b4 Qd6e6
17.f3 Ng8f6
18.Ne2f4 Qe6e5
19.Nf4d5 Kd8
20.Bb4a5 { resign }
1-0

[Event "Tourn. n9515"]
[Site "www.chess-mail.com"]
[Date "2017.12.08"]
[Round "1"]
[White "Hundegana"]
[Black "Add"]
[WhiteElo "2000"]
[BlackElo "2230"]
[Result "0-1"]
[Round "1"]
1.c4 e5
2.a3 Nb8c6
3.b4 a6
4.Bc1b2 d6
5.Nb1c3 Bc8e6
6.e3 Ng8f6
7.h3 e4
8.f3 Nf6h5
9.Nc3xe4 Qd8h4
10.Ne4f2 Nh5g3
11.Rh1h2 Ng3xf1
12.Kxf1 Be6xc4
13.d3 Bc4e6
14.Bb2c3 Qh4g3
15.Rh2h1 d5
16.Bc3e1 Qg3g5
17.f4 Qg5e7
18.Ng1f3 h6
19.Be1c3 b5
20.Ra1c1 Qe7d7
21.Nf2g4 Be6xg4
22.hxg4 Qd7xg4
23.Nf3e5 Qg4xd1
24.Rc1xd1 Nc6xe5
25.Bc3xe5 Ra8c8
26.Rd1c1 c6
27.Ke2 f6
28.Be5d4 Bf8d6
29.Rc1c2 Kf7
30.Rh1c1 Rh8e8
31.g3 Re8e6
32.Rc2xc6 Rc8xc6
33.Rc1xc6 Bd6f8
34.Rc6c7 Kg8
35.g4 g6
36.Kf3 f5
37.gxf5 gxf5
38.Rc7d7 Re6d6
39.Rd7c7 Rd6g6
40.Rc7b7 h5
41.Rb7c7 h4
42.Rc7c1 Bf8e7
43.Rc1c8 Kf7
44.Rc8h8 Ke6
45.e4 Rg6g3
46.Ke2 dxe4
47.dxe4 fxe4
48.Rh8h6 Kf5
49.Rh6xa6 Kxf4
50.Ra6a7 Be7g5
51.Bd4c5 Kg4
52.a4 h3
53.axb5 h2
54.Ra7h7 Rg3h3
55.Rh7xh3 Kxh3
56.b6 Bg5f4
57.b7 Bf4b8
58.Ke3 h1Q
59.Kd2 Qh1f3
60.Kc2 e3
61.Kb3 e2
62.Ka4 e1Q
63.Kb5 Qf3xb7
64.Kc4 Qe1d2
65.Kb3 Qb7a6
66.Bc5f8 Qa6a2
{ resign }
0-1

[Event "Tourn. n9576"]
[Site "www.chess-mail.com"]
[Date "2017.12.08"]
[Round "1"]
[White "Norlavuaram"]
[Black "Fantomas"]
[WhiteElo "2150"]
[BlackElo "2170"]
[Result "0-1"]
[Round "1"]
1.e4 c5
2.Ng1f3 b6
3.d3 Nb8c6
4.c3 e6
5.g3 Bc8b7
6.Bf1g2 d6
7.O-O Bf8e7
8.Nb1d2 Ng8f6
9.Qd1e2 e5
10.Rf1d1 O-O
11.Nd2f1 h6
12.Bc1e3 Qd8c7
13.h3 Nc6d8
14.g4 Nd8e6
15.Qe2d2 Nf6h7
16.Nf3h2 Be7f6
17.Nf1g3 Qc7d8
18.Rd1f1 g5
19.Ng3h5 Bf6e7
20.d4 Ne6f4
21.Be3xf4 exf4
22.Ra1e1 Bb7a6
23.e5 Ra8b8
24.exd6 Qd8xd6
25.Re1xe7 Qd6xe7
26.Rf1e1 Qe7d6
27.Qd2c2 cxd4
28.cxd4 Rb8c8
29.Qc2d2 Ba6c4
 { time }
0-1

[Event "Tourn. n9601"]
[Site "www.chess-mail.com"]
[Date "2017.12.08"]
[Round "1"]
[White "Pachi"]
[Black "Dussek"]
[WhiteElo "1630"]
[BlackElo "1820"]
[Result "0-1"]
[Round "1"]
1.e4 d6
2.g3 Ng8f6
3.Bf1g2 e5
4.d4 Nb8d7
5.Bc1g5 Bf8e7
6.Bg5xf6 Nd7xf6
7.f4 Bc8g4
8.Bg2f3 h5
9.f5 Bg4xf3
10.Qd1xf3 g5
11.fxg6 fxg6
12.dxe5 dxe5
13.Nb1d2 Rh8f8
14.Qf3b3 b6
15.O-O-O Qd8d6
16.Nd2c4 Qd6b4
17.Nc4xe5 Qb4xb3
18.axb3 Be7d6
19.Ne5xg6 Rf8g8
20.e5 Rg8xg6
21.exd6 O-O-O
22.Ng1f3 Rd8xd6
23.Nf3e5 Rg6g7
24.Rh1e1 Nf6d7
25.Ne5c6 Rd6xc6
26.Rd1d5 Nd7f6
27.Rd5f5 Rg7g8
28.b4 Rg8d8
29.Kb1 Rd8d2
30.b5 Rc6xc2
31.Rf5xf6 Rc2xb2
32.Kc1 Rd2xh2
33.Rf6h6 Rb2xb5
34.g4 a5
35.Re1g1 Rb5g5
36.Kd1 Rg5d5
37.Ke1 Rd5b5
38.Kf1 Rb5b1
{ resign }
0-1

[Event "Tourn. n9625"]
[Site "www.chess-mail.com"]
[Date "2017.12.08"]
[Round "1"]
[White "Mitja"]
[Black "Norlavuaram"]
[WhiteElo "2000"]
[BlackElo "2120"]
[Result "1-0"]
[Round "1"]
1.d4 Ng8f6
2.e3 g6
3.c3 Bf8g7
4.Ng1f3 O-O
5.Bf1e2 d5
6.O-O Bc8g4
7.Nf3d2 Bg4xe2
8.Qd1xe2 Nb8d7
9.Nd2f3 e6
10.b3  { time }
1-0

[Event "Tourn. n9629"]
[Site "www.chess-mail.com"]
[Date "2017.12.08"]
[Round "1"]
[White "Apdash"]
[Black "Norlavuaram"]
[WhiteElo "2250"]
[BlackElo "2100"]
[Result "1-0"]
[Round "1"]
1.e4 e5
2.f4 exf4
3.Ng1f3 d6
4.d4 g5
5.Bf1c4 h6
6.Nb1c3 Nb8c6
7.O-O Bf8g7
8.a3  { time }
1-0

[Event "Tourn. n9448"]
[Site "www.chess-mail.com"]
[Date "2017.12.08"]
[Round "1"]
[White "Fabos12"]
[Black "Lucaschess"]
[WhiteElo "1950"]
[BlackElo "2080"]
[Result "0-1"]
[Round "1"]
1.d4 d5
2.Ng1f3 Nb8c6
3.Bc1f4 h6
4.e3 g5
5.Bf4g3 Bc8g4
6.h3 Bg4h5
7.Bf1b5 Bf8g7
8.c4 e6
9.Nb1c3 Ng8e7
10.Bg3h2 a6
11.Bb5xc6 Ne7xc6
12.cxd5 exd5
13.g4 Bh5g6
14.Qd1a4 b5
15.Qa4b3 Nc6e7
16.O-O-O O-O
17.Rh1e1 c6
18.Nf3e5 Bg6h7
19.f4 f6
20.Ne5d3 f5
21.Nd3c5 Qd8d6
22.Re1e2 Qd6g6
23.Rd1e1 Kh8
24.Qb3c2 fxg4
25.Qc2xg6 Ne7xg6
26.hxg4 gxf4
27.exf4 Ng6xf4
28.Re2e7 Bg7xd4
29.Bh2xf4 Rf8xf4
30.Re7e8 Rf4f8
31.Re8xf8 Ra8xf8
32.Nc5e6 Bd4xc3
33.bxc3 Rf8e8
34.Kd2 Bh7g8
35.Ne6d4 Re8xe1
36.Kxe1 c5
37.Nd4f5 Kh7
38.Ke2 Bg8e6
39.Kf3 Be6xf5
40.gxf5 Kg7
41.Kg4 d4
42.cxd4 cxd4
43.Kf4 Kf6
44.Ke4 h5
{ resign }
0-1